000 00676nam a22001937a 4500
005 20251108165832.0
008 250721s1988 xx 000 0 ara d
082 1 4 _aط/923.6/كوا
100 1 _aعنايت، راجي
_eمؤلف
245 1 0 _aالكواكبي :
_bالمصلح العربي و عالم الإجتماع /
250 _aط2 . ، منقحة
264 1 _aبيروت :
_bالمؤسسة العربية للدراسات و النشر،
_c1988.
300 _a51ص.
490 0 _aعلماء العرب للفتيان و الفتيات
_v12
650 1 7 _aالتراجم
653 _aناشئون صغار (10-14 سنة )
942 _2ddc
_cBK
999 _c32513
_d32513